Eligio Pichardo/ (Record no. 4110)

MARC details
000 -LEADER
campo de control de longitud fija 00563nam a22001937a 4500
003 - IDENTIFICADOR DE NÚMERO DE CONTROL
campo de control OSt
005 - FECHA Y HORA DE LA ÚLTIMA TRANSACCIÓN
campo de control 20230726140809.0
008 - DATOS DE LONGITUD FIJA--INFORMACIÓN GENERAL
campo de control de longitud fija 160813s2003 cr||||| |||| 00| 0 spa d
040 ## - FUENTE DE CATALOGACIÓN
Centro/agencia transcriptor ladov
082 04 - NÚMERO DE LA CLASIFICACIÓN DECIMAL DEWEY
Número de clasificación 750
Número de ítem P419e
100 ## - ENTRADA PRINCIPAL--NOMBRE DE PERSONA
9 (RLIN) 930
Nombre de persona Peña Gómez, Rosa Meléndez de
Término indicativo de función/relación directora
245 ## - MENCIÓN DEL TÍTULO
Título Eligio Pichardo/
Resto del título Retrospectiva-Homenaje 1929-1984/
260 ## - PUBLICACIÓN, DISTRIBUCIÓN, ETC.
Lugar de publicación, distribución, etc. Cuba
Fecha de publicación, distribución, etc. 1984
Nombre del editor, distribuidor, etc. Galería de Arte Moderno
300 ## - DESCRIPCIÓN FÍSICA
Extensión 32p.
Otras características físicas 19x27cm
653 10 - TÉRMINO DE INDIZACIÓN--NO CONTROLADO
Término no controlado ARTE CONTEMPORANEO
653 10 - TÉRMINO DE INDIZACIÓN--NO CONTROLADO
Término no controlado CATALOGO
653 10 - TÉRMINO DE INDIZACIÓN--NO CONTROLADO
Término no controlado MUSEOS
942 ## - ELEMENTOS DE ENTRADA SECUNDARIOS (KOHA)
Fuente del sistema de clasificación o colocación Clasificación Decimal Dewey
Tipo de ítem Koha Libros
Parte de la signatura que corresponde a la clasificación (Parte de la clasificación) 750
Parte de la signatura que identifica el ejemplar (Parte del ítem) P419e
Holdings
Estatus retirado Estado de pérdida Fuente del sistema de clasificación o colocación Estado de daño No para préstamo Biblioteca de origen Biblioteca actual Fecha de adquisición Número de inventario Total de préstamos Signatura topográfica completa Código de barras Visto por última vez Precio de reemplazo Tipo de ítem Koha
    Clasificación Decimal Dewey     Biblioteca LadoV Biblioteca LadoV 26/07/2023 003215   750 P419e 003215 26/07/2023 26/07/2023 Libros